|
|
|
|
| LEADER |
02421nam a22003377a 4500 |
| 001 |
37597 |
| 003 |
BD-DhAAL |
| 005 |
20241103125128.0 |
| 008 |
211212t2021 bg a 000 0 eng d |
| 040 |
|
|
|a BD-DhAAL
|
| 041 |
|
|
|a eng
|
| 082 |
0 |
0 |
|a 378.1554
|2 22
|
| 245 |
0 |
0 |
|a Two decades :
|b making an impact :
|k annual report,
|f 2020.
|
| 246 |
|
|
|a Two decades :
|b making an impact : annual report 2020
|
| 260 |
|
|
|a Dhaka :
|b Brac University,
|c 2021
|
| 300 |
|
|
|a 65 pages :
|b some color illustrations ;
|c 28 cm
|
| 310 |
|
|
|a Annual
|
| 541 |
|
|
|a Complimentary copy from Brac University
|e 37597, 37622, 37623, 37624, 37625, 37626
|
| 650 |
|
0 |
|a Education, Higher.
|9 5588
|
| 650 |
|
0 |
|a University extension.
|9 5589
|
| 710 |
|
|
|a BRAC University.
|9 5590
|
| 852 |
|
|
|a Ayesha Abed Library
|c General Stacks
|
| 856 |
|
|
|z Full text available on BRAC University Institutional Repository
|u https://dspace.bracu.ac.bd/xmlui/handle/10361/15769
|
| 942 |
|
|
|2 ddc
|c BK
|
| 999 |
|
|
|c 43366
|d 43366
|
| 952 |
|
|
|0 0
|1 0
|2 ddc
|4 0
|6 378_155400000000000_TWO
|7 0
|8 RPT
|9 69553
|a BRACUL
|b BRACUL
|c GEN
|d 2021-12-21
|e Complimentary copy from BRAC University
|l 0
|o 378.1554 TWO
|p 3010037597
|r 2021-12-21
|t 1
|w 2021-12-21
|y BK
|x Complimentary copy from BRAC University
|
| 952 |
|
|
|0 0
|1 0
|2 ddc
|4 0
|6 378_155400000000000_TWO
|7 0
|8 RPT
|9 69658
|a BRACUL
|b BRACUL
|c GEN
|d 2022-01-05
|e Complimentary copy from BRAC University
|l 0
|o 378.1554 TWO
|p 3010037622
|r 2022-01-05
|t 2
|w 2022-01-05
|y BK
|x Complimentary copy from BRAC University
|
| 952 |
|
|
|0 0
|1 0
|2 ddc
|4 0
|6 378_155400000000000_TWO
|7 0
|8 RPT
|9 69659
|a BRACUL
|b BRACUL
|c GEN
|d 2022-01-05
|e Complimentary copy from BRAC University
|l 0
|o 378.1554 TWO
|p 3010037623
|r 2022-01-05
|t 3
|w 2022-01-05
|y BK
|x Complimentary copy from BRAC University
|
| 952 |
|
|
|0 0
|1 0
|2 ddc
|4 0
|6 378_155400000000000_TWO
|7 0
|8 RPT
|9 69660
|a BRACUL
|b BRACUL
|c GEN
|d 2022-01-05
|e Complimentary copy from BRAC University
|l 0
|o 378.1554 TWO
|p 3010037624
|r 2022-01-05
|t 4
|w 2022-01-05
|y BK
|x Complimentary copy from BRAC University
|
| 952 |
|
|
|0 0
|1 0
|2 ddc
|4 0
|6 378_155400000000000_TWO
|7 0
|8 RPT
|9 69662
|a BRACUL
|b BRACUL
|c GEN
|d 2022-01-05
|e Complimentary copy from BRAC University
|l 0
|o 378.1554 TWO
|p 3010037625
|r 2022-01-05
|t 5
|w 2022-01-05
|y BK
|x Complimentary copy from BRAC University
|
| 952 |
|
|
|0 0
|1 0
|2 ddc
|4 0
|6 378_155400000000000_TWO
|7 0
|8 RPT
|9 69663
|a BRACUL
|b BRACUL
|c GEN
|d 2022-01-05
|e Complimentary copy from BRAC University
|l 0
|o 378.1554 TWO
|p 3010037626
|r 2022-01-05
|t 6
|w 2022-01-05
|y BK
|x Complimentary copy from BRAC University
|